Statistiques concernant Langues d'Espagne

Cliquez ici pour prendre le quiz!

Statistiques générales

  • Ce quiz a été pris 6 021 fois
    (6 010 depuis la dernière actualisation)
  • Le résultat moyen est 4 sur 7

Statistiques - réponses

langue% Correct
espagnol (castillan)
99%
catalan
96%
basque
72%
galicien
49%
aragonais
24%
asturien
21%
occitan (aranais)
13%

Distribution des résultats

Percentile par nombre de réponses

% des personnes avec chaque résultat

Votre développement - résultats

Vous n’avez pas pris ce quiz depuis la dernière actualisation